Statistiques concernant Harry Potter: les Multiplettes

Cliquez ici pour prendre le quiz!

Statistiques générales

  • Ce quiz a été pris 20 fois
  • Le résultat moyen est 5 sur 7

Statistiques - réponses

InformationRéponses% Correct
Première apparitionHarry Potter et la Coupe de Feu
95%
Dernière apparitionHarry Potter et la Coupe de Feu
95%
Propriétaire connuHarry Potter
89%
Propriétaire connuRon Weasley
89%
Propriétaire connuHermione Granger
84%
ButJumelles pour match de Quidditch
37%
Prix10 Gallions
32%

Distribution des résultats

Percentile par nombre de réponses

% des personnes avec chaque résultat

Votre développement - résultats

Vous n’avez pas pris ce quiz